|
|
|
|
| LEADER |
00950nam a2200229 a 4500 |
| 001 |
012594612 |
| 008 |
110330s1996 enkabc 000 1 eng d |
| 020 |
|
|
|a 0195640020 (pbk)
|
| 020 |
|
|
|a 9780195640021
|
| 040 |
|
|
|a StDuBDS
|d Uk
|d BD-DhAAL
|
| 082 |
0 |
0 |
|a 616.396
|2 21
|
| 245 |
1 |
0 |
|a S.O.S. for a billion :
|b The conquest of iodine deficiency disorders /
|c edited by Basil S. Hetzel and Chandrakant S. Pandav.
|
| 250 |
|
|
|a 2nd ed.
|
| 260 |
|
|
|a Delhi ;
|a Oxford :
|b Oxford University Press,
|c c1996.
|
| 300 |
|
|
|a 466 p. :
|b ill., maps, ports. ;
|c 22 cm.
|
| 541 |
1 |
|
|e 00006042
|
| 650 |
|
0 |
|a Iodine deficiency diseases
|x Prevention
|x International cooperation.
|
| 700 |
1 |
|
|a Hetzel, Basil S.
|q (Basil Stuart),
|d 1922-
|
| 700 |
1 |
|
|a Pandav, C. S.
|
| 852 |
4 |
|
|a Ayesha Abed library
|j General Shelf
|
| 999 |
|
|
|c 10602
|d 10602
|
| 952 |
|
|
|0 0
|1 0
|2 ddc
|4 0
|6 616_396000000000000_SOS
|7 0
|9 15937
|a BRACUL
|b BRACUL
|c GEN
|d 2011-03-30
|l 0
|o 616.396 SOS
|p 3010006042
|r 2011-03-30
|t 1
|w 2011-03-30
|y BK
|